Geología: introducción a la historia de la tierra

Tallennettuna:
Bibliografiset tiedot
Päätekijä: Read, H. H (Tekijä)
Aineistotyyppi: Kirja
Kieli:espanja
Julkaistu: Ciudad de México Fondo de Cultura Económica 1966
Painos:3a. ed
Sarja:Breviarios, 14
Aiheet:
Tagit: Lisää tagi
Ei tageja, Lisää ensimmäinen tagi!

MARC

LEADER 00000nam a2200000 a 4500
001 UCX1131
003 CL-VaPUC
008 900608e19660000MX |||||||||||||||||spa|d
082 0 4 |a 550  |b REA  |2 21 
100 0 |a Read, H. H  |e author  |9 316550 
245 1 0 |a Geología: introducción a la historia de la tierra 
250 |a 3a. ed 
300 |a 217 p 
942 |c BK 
945 |d 19900608 00:00:00  |a mfernand 
260 |a Ciudad de México  |b Fondo de Cultura Económica  |c 1966 
650 0 |a Geología   |9 260984 
583 |a last modification  |c 19900608 00:00:00  |k Rodrigo Vera 
490 0 |a Breviarios, 14 
999 |c 222447  |d 222445 
952 |0 0  |1 0  |4 0  |6 550_000000000000000_REA_1966  |7 0  |8 A  |9 217189  |a BIBING  |b BIBING  |d 2019-11-15  |i 2861380  |l 1  |m 1  |o 550 REA 1966  |p 2861380  |r 2025-01-20  |s 2023-09-20  |w 2019-11-15  |y BK  |k GEO